|
|
|
|
| LEADER |
00916cam a2200241 7i4500 |
| 001 |
0000056476 |
| 005 |
20201216090000.0 |
| 020 |
|
|
|a 9781947172609 (electronic book)
|
| 020 |
|
|
|a 9781947172593 (electronic book)
|
| 090 |
0 |
0 |
|a HF5635
|b .F73 2019
|
| 100 |
1 |
|
|a Franklin, Mitchell
|
| 245 |
1 |
0 |
|a Principles of accounting volume 2 :
|b managerial accounting
|c Mitchell Franklin, Patty Graybeal, Dixon Cooper.
|
| 300 |
|
|
|a 1 online resource (736 pages):
|b illustrations, text file PDF.
|
| 336 |
|
|
|a text
|2 rdacontent
|
| 337 |
|
|
|a computer
|2 rdamedia
|
| 338 |
|
|
|a online resource
|2 rdacarrier
|
| 650 |
0 |
0 |
|a Accounting
|
| 655 |
0 |
0 |
|a Electronic books
|
| 700 |
1 |
|
|a Cooper, Dixon
|
| 700 |
1 |
|
|a Graybeal, Patty
|
| 856 |
4 |
2 |
|u http://library.unisel.edu.my/equip-unisel/custom/ebook_catalog/ebook/ManagerialAccounting (2).pdf
|
| 997 |
|
|
|a Business & Accountancy, Faculty
|
| 999 |
|
|
|a EBO0002873
|b EBOOK
|c EBOOK
|e Electronic resources
|